Los lenguajes del arte: aproximación a la teoría de los símbolos

Na minha lista:
Detalhes bibliográficos
Autor principal: Goodman, Nelson (Author)
Formato: Livro
Idioma:espanhol
Publicado em: Barcelona Seix Barral 1976
Colecção:Biblioteca Breve
Assuntos:
Tags: Adicionar Tag
Sem tags, seja o primeiro a adicionar uma tag!

MARC

LEADER 00000nam a2200000 a 4500
001 UCU0870
003 CL-VaPUC
008 960329e19760000SP |||||||||||||||||spa|d
020 |a 8432202746 
082 0 4 |a 700.1  |b GOO  |2 21 
100 |a Goodman, Nelson  |e author  |9 393 
245 1 4 |a Los lenguajes del arte: aproximación a la teoría de los símbolos 
300 |a 279 p 
942 |c BK 
945 |d 19960329 00:00:00  |a cmena 
260 |a Barcelona  |b Seix Barral  |c 1976 
650 0 |a Artes  |9 268202 
650 0 |a Estética   |9 264950 
650 0 |a Creación artística   |9 266215 
650 0 |a Símbolos  |9 267425 
650 0 |a Lenguajes simbólicos  |9 328174 
583 |a last modification  |c 20140410 11:15:55  |k Rodrigo Vera 
490 0 |a Biblioteca Breve 
999 |c 245653  |d 245651 
952 |0 0  |1 0  |4 0  |6 700_100000000000000_GOO_1976  |7 0  |8 P  |9 260231  |a BIBEDU  |b BIBEDU  |c BIBEDU_PB  |d 2019-11-19  |i 1635956  |o 700.1 GOO 1976  |p 1635956  |r 2024-01-25  |w 2019-11-19  |y BK  |k EDU 
952 |0 0  |1 0  |4 0  |6 700_100000000000000_GOO_1976  |7 0  |8 A  |9 260232  |a BIBHIS  |b BIBHIS  |d 2019-11-19  |i 1360973  |o 700.1 GOO 1976  |p 1360973  |r 2025-01-20  |w 2019-11-19  |y BK  |k HIS 
952 |0 0  |1 0  |4 0  |6 700_100000000000000_GOO_1976  |7 0  |8 A  |9 260233  |a BIBART  |b BIBART  |d 2019-11-19  |i 1204335  |o 700.1 GOO 1976  |p 1204335  |r 2025-03-13  |w 2019-11-19  |y BK  |k ART